[Event "Abu Dhabi op-A 30th"]
[Site "Abu Dhabi"]
[Date "2024.08.21"]
[Round "6"]
[White "Karthik, Rajaa"]
[Black "Ojas, Kulkarni"]
[Result "1/2-1/2"]
[WhiteElo "2388"]
[BlackElo "2254"]
[PlyCount "53"]
[EventDate "2024.08.15"]
[EventType "swiss"]
[EventRounds "9"]
[EventCountry "UAE"]
[SourceTitle "EXT 2025"]
[Source "ChessBase"]
[SourceDate "2024.10.14"]
[SourceVersion "1"]
[SourceVersionDate "2024.10.14"]
[SourceQuality "1"]

1. d4 Nf6 2. c4 c5 3. d5 g6 4. Nc3 d6 5. e4 Bg7 6. h3 0-0 7. Nf3 e6 8. Be2 exd5 9. exd5 Bf5 10. g4 Be4 11. 0-0 Bxf3 12. Bxf3 Nbd7 13. Bf4 Ne8 14. Qd2 Ne5 15. Be2 f5 16. Bg3 g5 17. gxf5 Rxf5 18. Kg2 Ng6 19. Bg4 Nf4+ 20. Kh1 Rf8 21. Rae1 Be5 22. Ne4 b6 23. h4 gxh4 24. Bh2 Ng7 25. Rg1 Kh8 26. Re3 Qe7 27. Rge1 1/2-1/2

[Event "Abu Dhabi op-A 30th"]
[Site "Abu Dhabi"]
[Date "2024.08.20"]
[Round "5"]
[White "Galaktionov, Artem"]
[Black "Karthik, Rajaa"]
[Result "1-0"]
[WhiteElo "2316"]
[BlackElo "2388"]
[PlyCount "129"]
[EventDate "2024.08.15"]
[EventType "swiss"]
[EventRounds "9"]
[EventCountry "UAE"]
[SourceTitle "EXT 2025"]
[Source "ChessBase"]
[SourceDate "2024.10.14"]
[SourceVersion "1"]
[SourceVersionDate "2024.10.14"]
[SourceQuality "1"]

1. d4 Nf6 2. c4 e6 3. Nf3 h6 4. g3 d5 5. Bg2 Bd6 6. Nbd2 b6 7. Qa4+ Nbd7 8. b4 0-0 9. c5 Be7 10. c6 b5 11. Qxb5 Nb6 12. Qa5 Qd6 13. Ba3 Qxc6 14. Rc1 Qb7 15. Ne5 Bd6 16. Nb3 Qa6 17. Rc2 Qxa5 18. Nxa5 Re8 19. 0-0 Nfd7 20. Nec6 Ba6 21. Rb1 Bb5 22. Bc1 e5 23. dxe5 Nxe5 24. Nd4 Ba4 25. Rc3 Rac8 26. Nb7 Bf8 27. Nc5 Nc6 28. Nxc6 Bxc6 29. Rc2 Bb5 30. Bf3 Na4 31. Be3 Nxc5 32. bxc5 Ba4 33. Rc3 Rcd8 34. Rb4 Bc6 35. Bd4 a5 36. Rb2 Rb8 37. Rxb8 Rxb8 38. Rb3 Rxb3 39. axb3 Bb5 40. Bxd5 Bxe2 41. f4 Bb5 42. Kf2 c6 43. Be4 Be7 44. Ke3 h5 45. h3 Kf8 46. g4 hxg4 47. hxg4 g6 48. g5 Ke8 49. Bf3 Kd7 50. Bg4+ Kd8 51. Bf6 Bxf6 52. gxf6 a4 53. bxa4 Bxa4 54. f5 gxf5 55. Bxf5 Bb3 56. Kf4 Bd5 57. Kg5 Ke8 58. Kh6 Kf8 59. Bd7 Kg8 60. Kg5 Kh7 61. Bf5+ Kg8 62. Kf4 Kf8 63. Ke5 Ke8 64. Kd6 Kd8 65. Bd7 1-0

[Event "Benasque op 43rd"]
[Site "Benasque"]
[Date "2024.07.09"]
[Round "5"]
[White "Karthik, Rajaa"]
[Black "Bartel, Mateusz"]
[Result "1/2-1/2"]
[WhiteElo "2382"]
[BlackElo "2643"]
[PlyCount "132"]
[EventDate "2024.07.05"]
[EventType "swiss"]
[EventRounds "10"]
[EventCountry "ESP"]
[SourceTitle "CBM 221 Extra"]
[Source "ChessBase"]
[SourceDate "2024.09.30"]
[SourceVersion "1"]
[SourceVersionDate "2024.09.30"]
[SourceQuality "1"]

1. d4 Nf6 2. c4 e6 3. Nf3 d5 4. Nc3 Nbd7 5. cxd5 exd5 6. Bg5 h6 7. Bh4 c6 8. e3 g5 9. Bg3 Nh5 10. Bd3 Nxg3 11. hxg3 Bg7 12. Qc2 Nb6 13. 0-0-0 Be6 14. Kb1 Qe7 15. Nd2 0-0-0 16. Nb3 Kb8 17. Nc5 Nd7 18. N3a4 Nxc5 19. Nxc5 Bc8 20. a3 Rhf8 21. Bf5 Bxf5 22. Qxf5 b6 23. Nd3 Qe4 24. Qxe4 dxe4 25. Nb4 Kb7 26. f4 a5 27. Na2 f5 28. fxg5 hxg5 29. Rh7 Rf7 30. Nc3 g4 31. Rf1 Rdd7 32. Rh5 c5 33. Rhxf5 Rxf5 34. Rxf5 cxd4 35. exd4 e3 36. Ne2 Bxd4 37. Nxd4 Rxd4 38. Re5 Rd1+ 39. Kc2 Rd2+ 40. Kc3 Rxg2 41. Rxe3 Kc6 42. a4 Kd5 43. b3 Rf2 44. Kd3 Rf1 45. Kc3 Rf5 46. Kd3 Kc5 47. Kc3 Rf2 48. Re5+ Kd6 49. Re3 Kd5 50. Kd3 Rf5 51. Re4 Rf3+ 52. Re3 Rf1 53. Kc3 Kc5 54. Re5+ Kd6 55. Re3 Kd5 56. Kd3 Rf2 57. Kc3 Rf5 58. Kd3 Kc5 59. Kc3 b5 60. axb5 Kxb5 61. Rd3 Re5 62. Rd4 Re3+ 63. Rd3 Re4 64. Rd5+ Kb6 65. Rd4 Re3+ 66. Rd3 Re4 1/2-1/2

[Event "Benasque op 43rd"]
[Site "Benasque"]
[Date "2024.07.05"]
[Round "1"]
[White "Karthik, Rajaa"]
[Black "Aleksanyan, Ara"]
[Result "1-0"]
[WhiteElo "2382"]
[BlackElo "1861"]
[PlyCount "41"]
[EventDate "2024.07.05"]
[EventType "swiss"]
[EventRounds "10"]
[EventCountry "ESP"]
[SourceTitle "CBM 221 Extra"]
[Source "ChessBase"]
[SourceDate "2024.09.30"]
[SourceVersion "1"]
[SourceVersionDate "2024.09.30"]
[SourceQuality "1"]

1. d4 d5 2. c4 e6 3. Nc3 Nf6 4. cxd5 exd5 5. Nf3 Be7 6. Bf4 c6 7. e3 Nbd7 8. h3 0-0 9. Bd3 Re8 10. 0-0 Nf8 11. Bh2 Ne6 12. Rc1 g6 13. Ne5 Ng7 14. g4 h5 15. f4 Bd6 16. f5 g5 17. gxh5 Ngxh5 18. Rc2 Ng7 19. Rg2 Nd7 20. f6 Ne6 21. Qh5 1-0

[Event "Teplice op 17th"]
[Site "Teplice"]
[Date "2024.06.19"]
[Round "5"]
[White "Karthik, Rajaa"]
[Black "Smirin, Ilia"]
[Result "1/2-1/2"]
[WhiteElo "2353"]
[BlackElo "2584"]
[PlyCount "131"]
[EventDate "2024.06.15"]
[EventType "swiss"]
[EventRounds "9"]
[EventCountry "CZE"]
[SourceTitle "CBM 220 Extra"]
[Source "ChessBase"]
[SourceDate "2024.07.31"]
[SourceVersion "1"]
[SourceVersionDate "2024.07.31"]
[SourceQuality "1"]

1. d4 Nf6 2. c4 c5 3. d5 b5 4. cxb5 a6 5. bxa6 g6 6. Nc3 Bxa6 7. e4 Bxf1 8. Kxf1 d6 9. Nf3 Nbd7 10. g3 Bg7 11. Kg2 0-0 12. h3 Qb6 13. Qc2 Rfb8 14. Rb1 Qa6 15. Re1 Rb4 16. Bf4 Rc8 17. Bd2 Qa8 18. Nd1 Rb6 19. Nc3 Rb4 20. Nd1 Rb6 21. a4 e6 22. dxe6 fxe6 23. Nc3 Rf8 24. Ng5 d5 25. exd5 Nxd5 26. f3 Ne5 27. Qe4 Rf5 28. Nxd5 exd5 29. Qc2 c4 30. g4 Rf8 31. Bc3 Nxf3 32. Nxf3 d4 33. Qe2 dxc3 34. bxc3 Rbf6 35. Rf1 Rf4 36. Rb4 Qc6 37. Qe3 Re4 38. Rb6 Qe8 39. Qc5 Bxc3 40. Rf2 Bg7 41. Rb8 Qxb8 42. Qd5+ Kh8 43. Qxe4 c3 44. Re2 Qd8 45. h4 Bf6 46. Ng5 Qa8 47. Qxa8 Rxa8 48. Ne4 Bd4 49. Ra2 Rb8 50. Kf3 Rb2 51. Rxb2 cxb2 52. Nd2 Kg7 53. Ke2 Bf6 54. Kd3 Bxh4 55. Kc2 Be1 56. Nf3 Bc3 57. a5 Bxa5 58. Kxb2 Kf6 59. Kc2 Ke6 60. Kd3 Kd5 61. Ng5 Bd8 62. Nxh7 Be7 63. g5 Ke5 64. Ke3 Kf5 65. Kf3 Bxg5 66. Nf8 1/2-1/2

[Event "Titled Tuesday intern op 26th Dec Early"]
[Site "Chess.com INT"]
[Date "2023.12.26"]
[Round "5"]
[White "Blokhin, Sofia"]
[Black "Karthik, Rajaa"]
[Result "0-1"]
[WhiteElo "2001"]
[BlackElo "2303"]
[PlyCount "66"]
[EventDate "2023.12.26"]
[EventType "swiss (blitz)"]
[EventRounds "11"]
[EventCountry "USA"]
[SourceTitle "EXT 2025"]
[Source "ChessBase"]
[SourceDate "2024.10.14"]
[SourceVersion "1"]
[SourceVersionDate "2024.10.14"]
[SourceQuality "1"]

1. d4 Nf6 2. c4 g6 3. Nc3 Bg7 4. e4 d6 5. f3 0-0 6. Be3 a6 7. Qd2 Nc6 8. 0-0-0 Na5 9. g4 b5 10. h4 h5 11. Nd5 Nxc4 12. Bxc4 bxc4 13. Nxf6+ exf6 14. gxh5 f5 15. hxg6 fxg6 16. h5 fxe4 17. hxg6 Bf5 18. Bh6 c3 19. bxc3 Rb8 20. Bxg7 Rb1+ 21. Kxb1 e3+ 22. Ka1 exd2 23. Bxf8 Qxf8 24. Rxd2 Qe7 25. Re2 Qg5 26. Kb2 Bxg6 27. Nh3 Qb5+ 28. Ka3 Qxe2 29. Rg1 Qc2 30. Nf4 Qxc3+ 31. Ka4 Qxd4+ 32. Kb3 Qxg1 33. Nxg6 Qxg6 0-1

[Event "Titled Tuesday intern op 26th Dec Early"]
[Site "Chess.com INT"]
[Date "2023.12.26"]
[Round "4"]
[White "Karthik, Rajaa"]
[Black "Rose, Felix"]
[Result "1-0"]
[WhiteElo "2303"]
[BlackElo "2091"]
[PlyCount "55"]
[EventDate "2023.12.26"]
[EventType "swiss (blitz)"]
[EventRounds "11"]
[EventCountry "USA"]
[SourceTitle "EXT 2025"]
[Source "ChessBase"]
[SourceDate "2024.10.14"]
[SourceVersion "1"]
[SourceVersionDate "2024.10.14"]
[SourceQuality "1"]

1. g3 d5 2. Bg2 c6 3. d3 Nf6 4. Nd2 e5 5. Ngf3 Bd6 6. e4 dxe4 7. dxe4 Bc7 8. 0-0 0-0 9. Qe2 Nbd7 10. a4 a5 11. Nc4 Qe7 12. Nh4 Nb6 13. Ne3 g6 14. b3 Rd8 15. Bb2 Be6 16. Rfd1 Rxd1+ 17. Rxd1 Rd8 18. Ra1 Qb4 19. Nf1 Qe7 20. Nf3 Nfd7 21. Ne1 f6 22. Nd3 Nc5 23. Ne1 Qf7 24. Bc3 Nbd7 25. Ne3 b6 26. Bb2 Nb7 27. Ng4 Ndc5 28. Nh6+ 1-0

[Event "Titled Tuesday intern op 26th Dec Early"]
[Site "Chess.com INT"]
[Date "2023.12.26"]
[Round "11"]
[White "Karthik, Rajaa"]
[Black "Shaik, Sumer Arsh"]
[Result "0-1"]
[WhiteElo "2303"]
[BlackElo "2255"]
[PlyCount "30"]
[EventDate "2023.12.26"]
[EventType "swiss (blitz)"]
[EventRounds "11"]
[EventCountry "USA"]
[SourceTitle "EXT 2025"]
[Source "ChessBase"]
[SourceDate "2024.10.14"]
[SourceVersion "1"]
[SourceVersionDate "2024.10.14"]
[SourceQuality "1"]

1. g3 d5 2. Bg2 Nf6 3. d3 e5 4. Nd2 Nbd7 5. Ngf3 Bc5 6. 0-0 e4 7. Nh4 e3 8. Nb3 exf2+ 9. Kh1 Bb6 10. d4 0-0 11. Rxf2 Ng4 12. Rf1 c6 13. e4 dxe4 14. Qxg4 Nf6 15. Nf5 Nxg4 0-1

[Event "Titled Tuesday intern op 26th Dec Early"]
[Site "Chess.com INT"]
[Date "2023.12.26"]
[Round "8"]
[White "Rios Escobar, Adan"]
[Black "Karthik, Rajaa"]
[Result "0-1"]
[WhiteElo "2234"]
[BlackElo "2303"]
[PlyCount "194"]
[EventDate "2023.12.26"]
[EventType "swiss (blitz)"]
[EventRounds "11"]
[EventCountry "USA"]
[SourceTitle "EXT 2025"]
[Source "ChessBase"]
[SourceDate "2024.10.14"]
[SourceVersion "1"]
[SourceVersionDate "2024.10.14"]
[SourceQuality "1"]

1. d4 Nf6 2. g3 c5 3. d5 b5 4. a4 b4 5. c4 g6 6. b3 Bg7 7. Bb2 0-0 8. Nh3 d6 9. Bg2 a5 10. 0-0 Ra7 11. Nd2 e5 12. dxe6 fxe6 13. Nf4 Qe7 14. Qc2 Bb7 15. Bxb7 Rxb7 16. Rad1 e5 17. Nd5 Nxd5 18. cxd5 Nd7 19. Nc4 Ra7 20. e4 Nf6 21. Bc1 Nh5 22. Kg2 Qd8 23. h4 Raf7 24. Bg5 Qc7 25. Qe2 h6 26. Be3 Nf6 27. f3 Nh5 28. Rc1 Rc8 29. Rc2 Bf8 30. Rfc1 Qd8 31. Bf2 Ra8 32. Be3 Kh7 33. Qd2 Raa7 34. Rg1 Qc8 35. Rh1 Be7 36. Qe2 Qf8 37. Rh3 Bd8 38. Kf2 Rad7 39. Nd2 Bc7 40. Ke1 Qc8 41. Qg2 Rd8 42. Kd1 Rdf8 43. Kc1 Nf6 44. g4 Nd7 45. Nc4 Nb6 46. Nxa5 Nxa4 47. Nc4 Nc3 48. Kd2 Qa6 49. Rxc3 bxc3+ 50. Kxc3 Ba5+ 51. Kc2 Bb4 52. Bc1 Qa1 53. Bb2 Qe1 54. Rh1 Qxh1 55. Qxh1 Rxf3 56. Bc1 Rc3+ 57. Kb2 Rf2+ 58. Bd2 Rd3 59. Kc2 Rd4 60. Qe1 Bxd2 61. Qxd2 Rdxd2+ 62. Nxd2 Rg2 63. Kd3 Rxg4 64. Nc4 Rxh4 65. Nxd6 Rh3+ 66. Kc4 Re3 67. Kxc5 h5 68. Nc4 Rxe4 69. d6 Rd4 70. Nxe5 Rd1 71. Nc6 h4 72. Nd4 Rc1+ 73. Kd5 Rc8 74. Ne6 h3 75. Ng5+ Kg7 76. Nxh3 Kf6 77. Nf4 Rb8 78. Ne6 Rxb3 79. d7 Rd3+ 80. Nd4 Ke7 81. Ke4 Rd1 82. Nc6+ Kxd7 83. Ne5+ Ke6 84. Nxg6 Re1+ 85. Kf3 Kf5 86. Nh4+ Kg5 87. Ng2 Ra1 88. Ne3 Ra4 89. Ng2 Rb4 90. Ne3 Rf4+ 91. Ke2 Re4 92. Kd3 Kf4 93. Nd5+ Ke5 94. Ne3 Rd4+ 95. Kc3 Ke4 96. Nc4 Rd7 97. Nd2+ Kd5 0-1

[Event "Titled Tuesday intern op 28th Nov Early"]
[Site "Chess.com INT"]
[Date "2023.11.28"]
[Round "2"]
[White "Rees, Ioan"]
[Black "Karthik, Rajaa"]
[Result "0-1"]
[WhiteElo "2289"]
[BlackElo "2303"]
[PlyCount "122"]
[EventDate "2023.11.28"]
[EventType "swiss (blitz)"]
[EventRounds "11"]
[EventCountry "USA"]
[SourceTitle "EXT 2025"]
[Source "ChessBase"]
[SourceDate "2024.10.14"]
[SourceVersion "1"]
[SourceVersionDate "2024.10.14"]
[SourceQuality "1"]

1. e4 c6 2. Nc3 d5 3. Nf3 Bg4 4. h3 Bxf3 5. Qxf3 e6 6. Qg3 h5 7. d3 h4 8. Qh2 Bd6 9. Bf4 Bxf4 10. Qxf4 Nd7 11. exd5 exd5 12. 0-0-0 Ne7 13. Re1 Nf8 14. Be2 Ne6 15. Qg4 Qd6 16. Kb1 Qf4 17. Qxf4 Nxf4 18. Bf3 Rh6 19. Ne2 Ne6 20. Nc1 Kd7 21. c3 Nf4 22. Kc2 Rg6 23. Rhg1 f5 24. d4 Nc8 25. Nd3 Nxd3 26. Kxd3 Nd6 27. Re5 Re8 28. Rxe8 Nxe8 29. g3 Nd6 30. g4 Ne4 31. Bxe4 fxe4+ 32. Ke2 Rf6 33. g5 Rf3 34. Rg4 Rxh3 35. Rf4 Ke6 36. g6 Rf3 37. Rxh4 Kf5 38. Rh8 Kxg6 39. Rd8 Rf7 40. a4 a6 41. a5 Kf5 42. Rb8 g5 43. Rg8 Kf4 44. Rb8 Kf5 45. Rg8 Kf6 46. Rb8 Rg7 47. Rf8+ Ke7 48. Rb8 Kd6 49. Rd8+ Kc7 50. Rf8 g4 51. Rh8 g3 52. fxg3 Rxg3 53. Rh7+ Kb8 54. Kd2 Rg2+ 55. Kc1 Rg1+ 56. Kc2 Ra1 57. b4 Ra2+ 58. Kc1 e3 59. Re7 e2 60. Kb1 Rd2 61. Kc1 Rd1+ 0-1

[Event "Titled Tuesday intern op 21st Nov Early"]
[Site "Chess.com INT"]
[Date "2023.11.21"]
[Round "3"]
[White "Fiedorek, Michal"]
[Black "Karthik, Rajaa"]
[Result "0-1"]
[WhiteElo "2338"]
[BlackElo "2303"]
[PlyCount "96"]
[EventDate "2023.11.21"]
[EventType "swiss (blitz)"]
[EventRounds "11"]
[EventCountry "USA"]
[SourceTitle "EXT 2025"]
[Source "ChessBase"]
[SourceDate "2024.10.14"]
[SourceVersion "1"]
[SourceVersionDate "2024.10.14"]
[SourceQuality "1"]

1. e4 c6 2. d4 d5 3. Nc3 dxe4 4. Nxe4 Nf6 5. Nxf6+ exf6 6. c3 Bd6 7. Bd3 0-0 8. Qc2 Re8+ 9. Ne2 h5 10. 0-0 Nd7 11. Nf4 Bxf4 12. Bxf4 Nf8 13. Rfe1 Be6 14. Rad1 h4 15. h3 Qd7 16. c4 Rad8 17. Bf1 Ng6 18. Bh2 Bf5 19. Qc3 Rxe1 20. Qxe1 Re8 21. Qa5 b6 22. Qc3 Nf8 23. a4 Ne6 24. a5 Ng5 25. axb6 axb6 26. Qb4 Qa7 27. Qd6 Qa4 28. Rc1 Bg6 29. Qf4 Qb3 30. Qxh4 Qxb2 31. Qf4 Ne6 32. Qe3 Qxd4 33. Qxd4 Nxd4 34. Bc7 b5 35. cxb5 cxb5 36. Bb6 Ne2+ 37. Bxe2 Rxe2 38. Bd4 Ra2 39. Rc8+ Kh7 40. Rb8 Bd3 41. Kh2 Bc4 42. Kg3 Rd2 43. Be3 Rd5 44. h4 Kg6 45. Rb7 Rd3 46. h5+ Kxh5 47. Kf3 Bd5+ 48. Ke2 Rxe3+ 0-1

[Event "Titled Tuesday intern op 21st Nov Early"]
[Site "Chess.com INT"]
[Date "2023.11.21"]
[Round "1"]
[White "Pace, Christopher"]
[Black "Karthik, Rajaa"]
[Result "0-1"]
[WhiteElo "2053"]
[BlackElo "2303"]
[PlyCount "156"]
[EventDate "2023.11.21"]
[EventType "swiss (blitz)"]
[EventRounds "11"]
[EventCountry "USA"]
[SourceTitle "EXT 2025"]
[Source "ChessBase"]
[SourceDate "2024.10.14"]
[SourceVersion "1"]
[SourceVersionDate "2024.10.14"]
[SourceQuality "1"]

1. e4 c6 2. d4 d5 3. Nc3 dxe4 4. Nxe4 Nf6 5. Nxf6+ exf6 6. c3 Bd6 7. Qc2 0-0 8. Bd3 Re8+ 9. Ne2 h5 10. Be3 Nd7 11. 0-0-0 Nf8 12. h3 Be6 13. Kb1 Rc8 14. g4 h4 15. Nf4 Bxf4 16. Bxf4 Bd5 17. Rhg1 Ne6 18. Bc1 Ng5 19. f4 Ne6 20. g5 fxg5 21. fxg5 c5 22. dxc5 Nxc5 23. Bh7+ Kh8 24. c4 Qb6 25. Rxd5 Na6 26. Rg4 Nb4 27. Qd1 Kxh7 28. Rxh4+ Kg8 29. Qh5 Qg6+ 30. Qxg6 fxg6 31. Rd1 Re2 32. a3 Na6 33. Rhd4 Nc5 34. Ka2 Na4 35. R1d3 b5 36. Rd8+ Rxd8 37. Rxd8+ Kh7 38. cxb5 Nc3+ 39. Kb3 Nxb5 40. a4 Nc7 41. Rd7 Ne6 42. Rxa7 Re4 43. a5 Nc5+ 44. Kc2 Ra4 45. Be3 Ne4 46. a6 Nd6 47. Bc5 Rc4+ 48. Kd3 Rxc5 49. Rd7 Rd5+ 50. Ke2 Re5+ 51. Kd1 Nc4 52. a7 Ra5 53. Rc7 Nxb2+ 54. Kc2 Na4 55. Kb3 Nb6 56. Kb4 Ra1 57. Kb5 Nd5 58. Rd7 Nf4 59. Kb6 Nxh3 60. Kb7 Nxg5 61. a8Q Rxa8 62. Kxa8 Ne6 63. Rd6 Nf4 64. Kb7 g5 65. Kc6 g4 66. Rd4 g5 67. Kc5 Ne6+ 68. Kd5 Nxd4 69. Kxd4 Kg6 70. Ke3 Kf5 71. Kf2 Kf4 72. Kg1 Kg3 73. Kf1 Kh2 74. Kf2 g3+ 75. Kf1 g2+ 76. Ke2 g1Q 77. Kd3 g4 78. Kc4 g3 0-1

[Event "Titled Tuesday intern op 31st Oct Early"]
[Site "Chess.com INT"]
[Date "2023.10.31"]
[Round "8"]
[White "Jaskolka, Tomasz"]
[Black "Karthik, Rajaa"]
[Result "0-1"]
[WhiteElo "2222"]
[BlackElo "2303"]
[PlyCount "110"]
[EventDate "2023.10.31"]
[EventType "swiss (blitz)"]
[EventRounds "11"]
[EventCountry "USA"]
[SourceTitle "EXT 2025"]
[Source "ChessBase"]
[SourceDate "2024.10.14"]
[SourceVersion "1"]
[SourceVersionDate "2024.10.14"]
[SourceQuality "1"]

1. e4 c6 2. d4 d5 3. e5 Bf5 4. Nd2 e6 5. Nb3 a5 6. a4 Nd7 7. Be2 h6 8. Nf3 Bh7 9. 0-0 Ne7 10. c3 Ng6 11. Ne1 c5 12. f4 c4 13. Nd2 Ne7 14. Ndf3 Qb6 15. Kh1 Be4 16. Nd2 Bg6 17. b3 cxb3 18. Qxb3 Qxb3 19. Nxb3 Nc6 20. Bd3 Bxd3 21. Nxd3 b6 22. f5 Nd8 23. Nf4 Rc8 24. Bd2 Be7 25. fxe6 fxe6 26. Ng6 Rg8 27. Rf3 Nf8 28. Nxe7 Kxe7 29. Raf1 Nd7 30. Bc1 Rc4 31. Rg3 Nf7 32. Rgf3 Ng5 33. Bxg5+ hxg5 34. Nd2 Rxa4 35. Rf7+ Ke8 36. c4 dxc4 37. Ne4 c3 38. Nd6+ Kd8 39. d5 Nc5 40. Ra7 exd5 41. h3 c2 42. Kh2 Rf4 43. Rc1 Rf2 44. Kg3 Re2 45. Rf1 Ne4+ 46. Nxe4 dxe4 47. Rff7 c1Q 48. e6 Qf4+ 49. Rxf4 gxf4+ 50. Kxf4 Re8 51. Ke5 e3 52. Kd6 Rd2+ 53. Ke5 e2 54. Ra8+ Ke7 55. Ra7+ Kf8 0-1